Поддерживали нацистскую Германию - Армагеддон - Statistics

General Stats
  • This quiz has been taken 51 times
  • The average score is 3 of 15
Answers on the Grid
Answers color-coded by a green-red scale on the quiz's grid according to % correct below.
Чарли Чаплин
Милентий Зыков
Элизабет Ницше
Фриц Ланг
Иди Амин
Филипп Петен
Кнут Гамсун
Пётр Краснов
Иван Шмелёв
Альберт Эйнштейн
Уинстон Черчилль
Отто Дикс
Астрид Линдгрен
Теодор Драйзер
Луи-Фердинанд Селин
Курт Воннегут
Марлен Дитрих
Конрад Лоренц
Джон Рональд Руэл Толкин
Нильс Бор
Карел Чапек
Иван Ильин
Антон Деникин
Томас Манн
Генри Форд
Лени Рифеншталь
Роальд Даль
Джордж Оруэлл
Макс Борн
Стефан Цвейг
Эрих Мария Ремарк
Освальд Мосли
Джордж Паттон
Карл Поппер
Лев Троцкий
Мартин Хайдеггер
Бертран Рассел
Антуан де Сент-Экзюпери
Герберт Уэллс
Сальвадор Дали
 
Answer Stats
Answer % Correct
Элизабет Ницше
46%
Пётр Краснов
30%
Филипп Петен
24%
Генри Форд
22%
Милентий Зыков
19%
Иван Ильин
19%
Освальд Мосли
19%
Иди Амин
16%
Иван Шмелёв
14%
Сальвадор Дали
14%
Конрад Лоренц
11%
Лени Рифеншталь
11%
Кнут Гамсун
8%
Мартин Хайдеггер
8%
Луи-Фердинанд Селин
5%
No matching quizzes found
Score Distribution
Percent of People with Each Score
Percentile by Number Answered
Your Score History
You have not taken this quiz